Datum a čas kvízu
36
Celkem bodů
Celkový počet nahraných bodů na tomto kvízu bez doplňovacích otázek.
7.
Pořadí na kvízu
Konečné umístění týmu na tomto kvízu.
Zaznamenané odpovědi
| # | Otázka | Odpověď | Body | Výsledky |
|---|---|---|---|---|
| 1. | V médiích se minulý týden hojn... | 1 | ||
| 2. | V keňské rezervaci Laikipia Wi... | 0 | ||
| 3. | Rakouská společnost Koch Media... | 0 | ||
| 4. | Jak se jmenuje slavný hollywoo... | 0 | ||
| 5. | Jak se jmenuje historicky prvn... | 0 | ||
| 6. | Dlouhé názvy filmů byly v módě... | 1 | ||
| 5. | V roce 1974 natočil režisér Cl... | 1 | ||
| 5. | Rodinná komedie, kde se objevi... | 0 | ||
| 5. | Volné pokračování úspěšné sati... | 0 | ||
| 5. | Francouzsko - španělská komedi... | 1 |